[Event "Mercredi 2019.04.03 ABCD"]
[Site "Montreal CAN"]
[Date "2019.04.24"]
[Round "4"]
[White "Nardone, Raul"]
[Black "Jean, Robert"]
[Result "0-1"]
[WhiteElo "1805"]
[BlackElo "1821"]
[PlyCount "108"]
[EventDate "2019.04.03"]
[EventType "tourn"]
[EventRounds "5"]
[EventCountry "CAN"]

1. e4 c5 2. Nf3 Nc6 3. d4 cxd4 4. Nxd4 Nf6 5. Nc3 d6 6. Bc4 Qb6 7. Nxc6 bxc6 8.
Qe2 e5 9. O-O Be7 10. Kh1 O-O 11. f3 Bb7 12. Be3 Qc7 13. Rad1 Rfd8 14. Bb3 d5
15. exd5 cxd5 16. Nb5 Qa5 17. Bd2 Qb6 18. a4 a6 19. Na3 Bd6 20. Bg5 Bc7 21. Be3
Qe6 22. Rfe1 Qf5 23. c3 Qh5 24. Bg1 Qh6 25. Be3 Qh4 26. Qf2 Qh5 27. Bb6 Bxb6
28. Qxb6 Rab8 29. Qc7 Re8 30. Bc2 h6 31. Rd2 Ba8 32. Bd1 Qg5 33. Nb1 Qf4 34.
Rde2 Rbc8 35. Qd6 Rc6 36. Qb4 Qxb4 37. cxb4 Nd7 38. Nc3 Rb6 39. b5 d4 40. Ne4
Bxe4 41. Rxe4 axb5 42. axb5 Kf8 43. Be2 f5 44. Rh4 g5 45. Rh3 Kg7 46. Bd3 Rf8
47. Rc1 Rff6 48. Rc7 Rbd6 49. Kg1 Kf8 50. Rc8+ Ke7 51. b4 Nb6 52. Rc7+ Kd8 53.
Ra7 Nd5 54. Ra4 Nf4 0-1

[Event "Mercredi 2019.04.03 ABCD"]
[Site "Montreal CAN"]
[Date "2019.04.24"]
[Round "4"]
[White "Nunez, Omar"]
[Black "Nesterov, Timour"]
[Result "0-1"]
[WhiteElo "1889"]
[BlackElo "1927"]
[PlyCount "94"]
[EventDate "2019.04.03"]
[EventType "tourn"]
[EventRounds "5"]
[EventCountry "CAN"]

1. e4 e6 2. Qe2 b6 3. d3 Bb7 4. Nc3 g6 5. g3 Bg7 6. Bg2 Ne7 7. Nh3 Nbc6 8. f4
d6 9. Be3 Qd7 10. Ng5 h6 11. Nf3 O-O-O 12. O-O d5 13. exd5 exd5 14. d4 Nf5 15.
Bh3 Kb8 16. Ne5 Nxe5 17. fxe5 Nxg3 18. Qg2 Nf5 19. Bxf5 gxf5 20. Kh1 f6 21. e6
Qxe6 22. Bf4 Bf8 23. Rae1 Qf7 24. Nb5 Rd7 25. Qg3 Rg8 26. Qe3 Ba6 27. Qe8+ Qxe8
28. Rxe8+ Kb7 29. a4 Bxb5 30. axb5 Rh8 31. c3 Re7 32. Re1 Rxe1+ 33. Rxe1 Rh7
34. Re6 Rf7 35. Kg2 Kc8 36. Kf3 Kd7 37. Re1 Bd6 38. h4 Rg7 39. Bxh6 Rg3+ 40.
Kf2 Rh3 41. Re3 Rxh4 42. Bg7 Rh2+ 43. Kf3 Rxb2 44. Bxf6 Rxb5 45. Re2 a5 46. Rg2
a4 47. Rg7+ Kc6 0-1

[Event "Mercredi 2019.04.03 ABCD"]
[Site "Montreal CAN"]
[Date "2019.04.24"]
[Round "4"]
[White "O'Neill, Brendon"]
[Black "Gauthier, Luc"]
[Result "1-0"]
[WhiteElo "1735"]
[BlackElo "1742"]
[PlyCount "51"]
[EventDate "2019.04.03"]
[EventType "tourn"]
[EventRounds "5"]
[EventCountry "CAN"]

1. e4 Nf6 2. e5 Nd5 3. c4 Nb6 4. d4 d6 5. exd6 exd6 6. Nf3 Bg4 7. Be2 Be7 8.
O-O O-O 9. h3 Bh5 10. Nbd2 Bf6 11. Ne4 Nc6 12. Nxf6+ Qxf6 13. Bg5 Qf5 14. g4
Bxg4 15. hxg4 Qxg4+ 16. Kh2 Qh5+ 17. Kg3 f5 18. Rh1 Qg4+ 19. Kh2 Rae8 20. Qd2
Re4 21. Rag1 Qh5+ 22. Kg2 Rg4+ 23. Kf1 Rxg1+ 24. Kxg1 Qg4+ 25. Kf1 Re8 26. Rh4
1-0

[Event "Mercredi 2019.04.03 ABCD"]
[Site "Montreal CAN"]
[Date "2019.04.24"]
[Round "4"]
[White "Pomerantz, Daniel"]
[Black "Zheng, Richard"]
[Result "1/2-1/2"]
[WhiteElo "2175"]
[BlackElo "2150"]
[PlyCount "74"]
[EventDate "2019.04.03"]
[EventType "tourn"]
[EventRounds "5"]
[EventCountry "CAN"]

1. e4 c6 2. d4 d5 3. e5 c5 4. dxc5 e6 5. Be3 Nh6 6. c3 Nf5 7. Bd4 Bd7 8. Nf3
Nc6 9. Bd3 Nfxd4 10. cxd4 b6 11. O-O bxc5 12. dxc5 Bxc5 13. Nc3 O-O 14. Rc1 Bb6
15. a3 f6 16. exf6 Qxf6 17. Na4 Ne5 18. Nxb6 Nxf3+ 19. Qxf3 Qxf3 20. gxf3 axb6
21. Rc7 Be8 22. Be2 Bh5 23. Rfc1 e5 24. Bd1 Rad8 25. Re7 Rfe8 26. Rb7 Rc8 27.
Rxc8 Rxc8 28. Kg2 Rc6 29. Rd7 d4 30. Bb3+ Kf8 31. f4 e4 32. Rxd4 Bf3+ 33. Kg3
Rg6+ 34. Kh3 Rh6+ 35. Kg3 Rg6+ 36. Kh3 Rh6+ 37. Kg3 Rg6+ 1/2-1/2

[Event "Mercredi 2019.04.03 ABCD"]
[Site "Montreal CAN"]
[Date "2019.05.01"]
[Round "5"]
[White "Audet, Eric"]
[Black "O'Neill, Brendon"]
[Result "1-0"]
[WhiteElo "1729"]
[BlackElo "1735"]
[PlyCount "75"]
[EventDate "2019.04.03"]
[EventType "tourn"]
[EventRounds "5"]
[EventCountry "CAN"]

1. e4 c5 2. Nf3 d6 3. d4 cxd4 4. Nxd4 Nf6 5. Nc3 a6 6. Be2 Nbd7 7. Be3 e6 8.
Qd2 Be7 9. f3 O-O 10. g4 Nxg4 11. fxg4 Bh4+ 12. Kd1 Be7 13. g5 Ne5 14. h4 Qc7
15. Rg1 b5 16. a3 Bb7 17. Nf3 Nxf3 18. Bxf3 Rad8 19. Kc1 d5 20. exd5 exd5 21.
Bd4 Bd6 22. Ne2 Rc8 23. Bg4 Rce8 24. Qc3 Bf4+ 25. Nxf4 Qxf4+ 26. Qd2 Qe4 27.
Kb1 Bc8 28. Bxc8 Rxc8 29. Qd3 Qxh4 30. Ka2 Qe4 31. Qxe4 dxe4 32. c3 Rfe8 33.
Rae1 Re6 34. Rg4 Rce8 35. Kb3 e3 36. Kc2 h5 37. gxh6 g6 38. h7+ 1-0

[Event "Mercredi 2019.04.03 ABCD"]
[Site "Montreal CAN"]
[Date "2019.05.01"]
[Round "5"]
[White "Barko, Maxim"]
[Black "Nardone, Raul"]
[Result "1-0"]
[WhiteElo "1833"]
[BlackElo "1805"]
[PlyCount "47"]
[EventDate "2019.04.03"]
[EventType "tourn"]
[EventRounds "5"]
[EventCountry "CAN"]

1. d4 Nf6 2. Bg5 d5 3. e3 e6 4. c4 Be7 5. Nc3 O-O 6. Nf3 h6 7. Bh4 c6 8. Rc1
Nbd7 9. Bd3 a6 10. O-O dxc4 11. Bxc4 Nd5 12. Bxe7 Qxe7 13. e4 Nxc3 14. Rxc3 Nf6
15. Qe2 Qb4 16. a3 Qa5 17. Ba2 Qh5 18. Rc5 Qg4 19. Re1 Qf4 20. Ne5 Qh4 21. Rc3
Ne8 22. d5 exd5 23. exd5 cxd5 24. Bxd5 1-0

[Event "Mercredi 2019.04.03 ABCD"]
[Site "Montreal CAN"]
[Date "2019.05.01"]
[Round "5"]
[White "Bouchard, Jean-Marc"]
[Black "Nunez, Omar"]
[Result "1/2-1/2"]
[WhiteElo "1908"]
[BlackElo "1889"]
[PlyCount "33"]
[EventDate "2019.04.03"]
[EventType "tourn"]
[EventRounds "5"]
[EventCountry "CAN"]

1. Nf3 g6 2. d4 Bg7 3. g3 f5 4. Bg2 Nf6 5. c4 d6 6. O-O O-O 7. Nc3 Nc6 8. Bg5
h6 9. Bxf6 Bxf6 10. e4 fxe4 11. Nxe4 Bg7 12. d5 Ne5 13. Nxe5 Bxe5 14. Qd2 Bg7
15. Rae1 Bf5 16. f4 Qd7 17. b3 1/2-1/2

[Event "Mercredi 2019.04.03 ABCD"]
[Site "Montreal CAN"]
[Date "2019.05.01"]
[Round "5"]
[White "Feoktistov, Dmitri"]
[Black "Abdelaal, Ibrahim"]
[Result "1/2-1/2"]
[WhiteElo "2172"]
[BlackElo "2061"]
[PlyCount "60"]
[EventDate "2019.04.03"]
[EventType "tourn"]
[EventRounds "5"]
[EventCountry "CAN"]

1. d4 Nf6 2. c4 c5 3. d5 b5 4. Nf3 bxc4 5. Nc3 d6 6. e4 g6 7. Bxc4 Bg4 8. h3
Bxf3 9. Qxf3 Nbd7 10. Qe2 Bg7 11. O-O O-O 12. f4 Ne8 13. Be3 Nc7 14. e5 dxe5
15. f5 Rb8 16. Ne4 Nb6 17. Rad1 Nxc4 18. Qxc4 Rxb2 19. Bxc5 Ne8 20. fxg6 hxg6
21. d6 exd6 22. Nxd6 Nxd6 23. Bxd6 Qg5 24. Qd5 Rc8 25. Qxf7+ Kh7 26. Rf2 Qe3
27. Rdf1 Rxf2 28. Qxf2 Qxf2+ 29. Rxf2 Rc6 30. Bb8 a6 1/2-1/2

[Event "Mercredi 2019.04.03 ABCD"]
[Site "Montreal CAN"]
[Date "2019.05.01"]
[Round "5"]
[White "Guipi Bopala, Prince Eric jr"]
[Black "Gates, Claude-Eric"]
[Result "0-1"]
[WhiteElo "1843"]
[BlackElo "1835"]
[PlyCount "118"]
[EventDate "2019.04.03"]
[EventType "tourn"]
[EventRounds "5"]
[EventCountry "CAN"]

1. d4 g6 2. Bf4 Bg7 3. c3 Nf6 4. Nd2 d6 5. h3 O-O 6. e3 Nfd7 7. Ngf3 e5 8. Bg3
Nc6 9. Be2 f5 10. dxe5 Ncxe5 11. O-O Kh8 12. Nxe5 Nxe5 13. Nc4 Be6 14. Nxe5
dxe5 15. Qc2 Qe7 16. Rfd1 Rfd8 17. c4 b6 18. Rac1 c5 19. Bf3 e4 20. Be2 h6 21.
b3 Bf7 22. Rxd8+ Rxd8 23. Rd1 Bf6 24. Rxd8+ Qxd8 25. Qd1 Kg7 26. Qxd8 Bxd8 27.
Be5+ Kf8 28. Kf1 Ke7 29. Ke1 Ke6 30. Bh2 Be8 31. Kd2 a6 32. a4 a5 33. Kc2 Bc6
34. Kd2 Kd7 35. Bg3 Be7 36. Kc2 Bd6 37. Bxd6 Kxd6 38. Kc3 g5 39. Kd2 Be8 40.
Kc3 Ke5 41. g4 Bg6 42. Kd2 f4 43. Kc3 f3 44. Bf1 Be8 45. Kd2 Kf6 46. Kc3 Kg6
47. Kd2 Bd7 48. Kc3 h5 49. Kd2 hxg4 50. hxg4 Bxg4 51. Kc3 Kh5 52. Kd2 Kh4 53.
Kd1 Bh3 54. Ke1 g4 55. Bxh3 Kxh3 56. Kf1 Kh2 57. Ke1 Kg2 58. Kd1 Kxf2 59. Kd2
g3 0-1

[Event "Mercredi 2019.04.03 ABCD"]
[Site "Montreal CAN"]
[Date "2019.05.01"]
[Round "5"]
[White "Jean, Robert"]
[Black "Baran, Marius"]
[Result "1/2-1/2"]
[WhiteElo "1821"]
[BlackElo "1845"]
[PlyCount "126"]
[EventDate "2019.04.03"]
[EventType "tourn"]
[EventRounds "5"]
[EventCountry "CAN"]

1. d4 d5 2. c4 e6 3. Nc3 Nf6 4. Nf3 c6 5. cxd5 exd5 6. Qc2 g6 7. Bf4 Bf5 8. Qb3
Qb6 9. e3 Nbd7 10. Qxb6 Nxb6 11. Be5 Nbd7 12. Bg3 Be7 13. Be2 Nh5 14. Be5 f6
15. Bg3 Bg4 16. Nd2 Bxe2 17. Nxe2 Kf7 18. O-O Nxg3 19. Nxg3 Kg7 20. a3 a5 21.
Ne2 Rhe8 22. Nf4 Bd6 23. Nd3 a4 24. Rfc1 f5 25. Rc3 Nf6 26. b4 axb3 27. Rxb3 b5
28. g3 Ra6 29. Nb4 Bxb4 30. Rxb4 Rea8 31. Rb3 Ne8 32. Nf3 Nd6 33. Ne5 Nc4 34.
f4 R8a7 35. h3 Kf6 36. Kf2 Ke6 37. g4 Kd6 38. h4 Rxa3 39. Rbxa3 Nxa3 40. h5
gxh5 41. gxf5 b4 42. f6 Ra8 43. f7 Rf8 44. Rc1 Nc4 45. Rb1 Nxe5 46. dxe5+ Ke6
47. Rxb4 Rxf7 48. Kf3 Kf5 49. Rb1 c5 50. Rh1 c4 51. Rxh5+ Ke6 52. Rh6+ Ke7 53.
Rd6 Rf8 54. Rxd5 Rc8 55. Rd2 c3 56. Rc2 Ke6 57. Ke4 h5 58. f5+ Kf7 59. Kf4 h4
60. e4 Rc4 61. Kf3 h3 62. Kg3 Rxe4 63. Rxc3 Rxe5 1/2-1/2

[Event "Mercredi 2019.04.03 ABCD"]
[Site "Montreal CAN"]
[Date "2019.05.01"]
[Round "5"]
[White "Nesterov, Timour"]
[Black "Boudreau, Daniel"]
[Result "0-1"]
[WhiteElo "1927"]
[BlackElo "2034"]
[PlyCount "82"]
[EventDate "2019.04.03"]
[EventType "tourn"]
[EventRounds "5"]
[EventCountry "CAN"]

1. d4 Nf6 2. Bf4 d5 3. e3 c5 4. Nf3 Nc6 5. c3 Qb6 6. b3 Bf5 7. Be2 Nh5 8. Be5
Bg6 9. O-O Nf6 10. Bg3 e6 11. c4 dxc4 12. Bxc4 cxd4 13. exd4 Rd8 14. Nc3 a6 15.
d5 Bb4 16. Na4 Qa7 17. Bc7 Rd7 18. Bb6 Qb8 19. a3 Nxd5 20. Bxd5 Rxd5 21. Qc1
Bd6 22. Nc3 Rh5 23. h3 O-O 24. Qe3 Bf4 25. Qe2 Rc8 26. Ne4 Ne7 27. Bd4 Nd5 28.
Rad1 Bh6 29. Ng3 Nf4 30. Qe1 Rb5 31. b4 f6 32. Be3 e5 33. Rd7 Be8 34. Rd2 Bc6
35. Nf5 Nxh3+ 36. gxh3 Bxf3 37. Bxh6 gxh6 38. Ne7+ Kh8 39. Nxc8 Qxc8 40. Kh2 e4
41. Qc1 Qb8+ 0-1

[Event "Mercredi 2019.04.03 ABCD"]
[Site "Montreal CAN"]
[Date "2019.05.01"]
[Round "5"]
[White "Zheng, Richard"]
[Black "Lopez Linares, Lizandro"]
[Result "1/2-1/2"]
[WhiteElo "2150"]
[BlackElo "2239"]
[PlyCount "42"]
[EventDate "2019.04.03"]
[EventType "tourn"]
[EventRounds "5"]
[EventCountry "CAN"]

1. d4 Nf6 2. c4 c5 3. d5 b5 4. cxb5 a6 5. bxa6 g6 6. Nc3 Bxa6 7. Nf3 d6 8. e4
Bxf1 9. Kxf1 Nbd7 10. g3 Bg7 11. Kg2 O-O 12. Qc2 Qa5 13. a4 Rfb8 14. Ra3 Qb4
15. b3 c4 16. Nd2 cxb3 17. Rxb3 Qc5 18. Ba3 Qc7 19. Rxb8+ Rxb8 20. Rc1 Rc8 21.
Qb3 Ra8 1/2-1/2

[Event "Mercredi 2019.05.08 ABCD"]
[Site "Montreal CAN"]
[Date "2019.05.08"]
[Round "1"]
[White "Audet, Eric"]
[Black "Guipi Bopala, Prince Eric jr"]
[Result "0-1"]
[WhiteElo "1829"]
[BlackElo "1824"]
[PlyCount "58"]
[EventDate "2019.05.08"]
[EventType "tourn"]
[EventRounds "5"]
[EventCountry "CAN"]

1. e4 e5 2. Nf3 Nc6 3. Bb5 a6 4. Ba4 Nf6 5. O-O Be7 6. Re1 b5 7. Bb3 O-O 8. c3
d5 9. d3 dxe4 10. dxe4 Bb7 11. Bd5 Na5 12. Bxb7 Qxd1 13. Rxd1 Nxb7 14. Bg5 Bd6
15. Nbd2 Nc5 16. Bxf6 gxf6 17. Ne1 Rfd8 18. f3 Rd7 19. Kf1 Rad8 20. Ke2 Be7 21.
Nf1 Na4 22. Rxd7 Rxd7 23. Nd3 c5 24. Rb1 c4 25. Nb4 Bxb4 26. cxb4 c3 27. b3 c2
28. Rc1 Nc3+ 29. Ke1 Rd1+ 0-1

[Event "Mercredi 2019.05.08 ABCD"]
[Site "Montreal CAN"]
[Date "2019.05.08"]
[Round "1"]
[White "Autotte, Daniel"]
[Black "Alcantara, Maximo jr"]
[Result "0-1"]
[WhiteElo "1727"]
[BlackElo "1706"]
[PlyCount "62"]
[EventDate "2019.05.08"]
[EventType "tourn"]
[EventRounds "5"]
[EventCountry "CAN"]

1. d4 c6 2. c3 d5 3. Bf4 Nf6 4. Nf3 g6 5. e3 Bg7 6. h3 O-O 7. Bd3 Re8 8. Nbd2
Nfd7 9. Qc2 e5 10. dxe5 Nxe5 11. Nxe5 Bxe5 12. Bxe5 Rxe5 13. O-O-O Nd7 14. Nf3
Re8 15. e4 dxe4 16. Bxe4 Qa5 17. a3 Nc5 18. Bd3 Nxd3+ 19. Qxd3 Bf5 20. Qd4 Re2
21. Rd2 Rxd2 22. Qxd2 Rd8 23. Qg5 h6 24. Qe7 Rd7 25. Qe8+ Kg7 26. g4 Be6 27.
Nd4 Qg5+ 28. Kb1 Re7 29. Qd8 Bd5 30. Rc1 Be4+ 31. Nc2 Bxc2+ 0-1

[Event "Mercredi 2019.05.08 ABCD"]
[Site "Montreal CAN"]
[Date "2019.05.08"]
[Round "1"]
[White "Barko, Maxim"]
[Black "Fortin-Lavoie, Patrice"]
[Result "1-0"]
[WhiteElo "1832"]
[BlackElo "1803"]
[PlyCount "93"]
[EventDate "2019.05.08"]
[EventType "tourn"]
[EventRounds "5"]
[EventCountry "CAN"]

1. d4 d5 2. c4 Nc6 3. Nc3 dxc4 4. Nf3 Bg4 5. d5 Bxf3 6. gxf3 Ne5 7. e4 e6 8. f4
Nd3+ 9. Bxd3 cxd3 10. Qxd3 Qd7 11. Be3 Nf6 12. O-O-O O-O-O 13. Bxa7 exd5 14. e5
d4 15. Nb5 Nh5 16. f5 g6 17. Nxd4 Qa4 18. fxg6 hxg6 19. Qh3+ Rd7 20. Kb1 Bh6
21. b3 Qa6 22. Nc2 f5 23. exf6 Nxf6 24. Rxd7 Nxd7 25. Rd1 Rd8 26. Bd4 Bf4 27.
Bc5 Qf6 28. Bd4 Qf5 29. Qxf5 gxf5 30. Rh1 c5 31. Be3 Be5 32. Bg5 Nf6 33. Ne3
Rd2 34. Nc4 Re2 35. Nxe5 Rxe5 36. Bxf6 Re4 37. Rc1 Kd7 38. Bg5 Ke6 39. h4 Kf7
40. Be3 Kg6 41. Bxc5 Kh5 42. Rh1 Rf4 43. a4 Rxh4 44. Rxh4+ Kxh4 45. a5 Kg5 46.
b4 Kf6 47. b5 1-0

[Event "Mercredi 2019.05.08 ABCD"]
[Site "Montreal CAN"]
[Date "2019.05.08"]
[Round "1"]
[White "Boudreau, Daniel"]
[Black "Nunez, Omar"]
[Result "1-0"]
[WhiteElo "2023"]
[BlackElo "1899"]
[PlyCount "45"]
[EventDate "2019.05.08"]
[EventType "tourn"]
[EventRounds "5"]
[EventCountry "CAN"]

1. e4 d5 2. exd5 Qxd5 3. d4 e5 4. Nf3 Bg4 5. dxe5 Qxd1+ 6. Kxd1 Nc6 7. Bf4 Bc5
8. Bg3 Nge7 9. Nbd2 Nf5 10. Bb5 O-O-O 11. Bxc6 bxc6 12. Re1 Rhe8 13. Kc1 Nxg3
14. fxg3 f6 15. c3 fxe5 16. b4 Bf2 17. Re2 Bb6 18. Kb2 Rd3 19. Rae1 c5 20. bxc5
Ba5 21. Rc1 Red8 22. Nc4 e4 23. Rxe4 1-0

[Event "Mercredi 2019.05.08 ABCD"]
[Site "Montreal CAN"]
[Date "2019.05.08"]
[Round "1"]
[White "Feoktistov, Dmitri"]
[Black "Pomerantz, Daniel"]
[Result "1/2-1/2"]
[WhiteElo "2198"]
[BlackElo "2156"]
[PlyCount "92"]
[EventDate "2019.05.08"]
[EventType "tourn"]
[EventRounds "5"]
[EventCountry "CAN"]

1. d4 Nf6 2. c4 e6 3. Nc3 Bb4 4. Qc2 Nc6 5. Nf3 d6 6. a3 Bxc3+ 7. Qxc3 a5 8. g3
a4 9. Bg2 O-O 10. O-O Qe7 11. h3 e5 12. Be3 Re8 13. Rfd1 Na5 14. dxe5 dxe5 15.
Nd2 Nc6 16. Kh2 Bf5 17. g4 Bg6 18. Nf1 Ne4 19. Bxe4 Bxe4 20. Ng3 Bg6 21. Rd5
Rad8 22. Rad1 Rxd5 23. cxd5 Nb8 24. f4 exf4 25. Bxf4 c6 26. Bxb8 Rxb8 27. d6
Qg5 28. Qd4 h5 29. gxh5 Bxh5 30. Rg1 Bg6 31. h4 Qd5 32. Qxd5 cxd5 33. Rd1 Be4
34. Nxe4 dxe4 35. Kg3 Kf8 36. Kf4 Ke8 37. Kxe4 Kd7 38. Kd5 Rh8 39. e4 f6 40. e5
Rh5 41. Re1 b6 42. Re4 Rf5 43. Kd4 fxe5+ 44. Rxe5 Rf2 45. Re7+ Kxd6 46. Rxg7
Rf4+ 1/2-1/2

[Event "Mercredi 2019.05.08 ABCD"]
[Site "Montreal CAN"]
[Date "2019.05.08"]
[Round "1"]
[White "Gates, Claude-Eric"]
[Black "Nardone, Raul"]
[Result "1/2-1/2"]
[WhiteElo "1849"]
[BlackElo "1765"]
[PlyCount "53"]
[EventDate "2019.05.08"]
[EventType "tourn"]
[EventRounds "5"]
[EventCountry "CAN"]

1. c4 Nf6 2. g3 g6 3. Bg2 c5 4. Nc3 Nc6 5. Nf3 Bg7 6. O-O O-O 7. Rb1 d6 8. a3
a5 9. b3 Bd7 10. Bb2 Qc8 11. Re1 h6 12. Na4 Ra6 13. Nc3 e5 14. d3 Bg4 15. Qc1
Re8 16. Nb5 Nd4 17. Bxd4 exd4 18. h3 Bf5 19. g4 Bd7 20. a4 Bxb5 21. axb5 Ra7
22. e3 dxe3 23. Rxe3 b6 24. Qd2 Rae7 25. Rbe1 Rxe3 26. Rxe3 Rxe3 27. Qxe3
1/2-1/2

[Event "Mercredi 2019.05.08 ABCD"]
[Site "Montreal CAN"]
[Date "2019.05.08"]
[Round "1"]
[White "Gauthier, Luc"]
[Black "Allaire, Denis"]
[Result "1/2-1/2"]
[WhiteElo "1759"]
[BlackElo "1685"]
[PlyCount "66"]
[EventDate "2019.05.08"]
[EventType "tourn"]
[EventRounds "5"]
[EventCountry "CAN"]

1. e4 e5 2. Nf3 Nf6 3. Bc4 Be7 4. Nc3 d6 5. d3 c6 6. Bg5 Nbd7 7. a4 a5 8. h3
O-O 9. O-O Nc5 10. Be3 Ne6 11. Ne2 Nh5 12. c3 Ng5 13. Nxg5 Bxg5 14. Qd2 Bxe3
15. Qxe3 Be6 16. Bxe6 fxe6 17. d4 exd4 18. cxd4 Qh4 19. g4 Nf6 20. f4 d5 21.
Qg3 Qxg3+ 22. Nxg3 dxe4 23. Rae1 Rfd8 24. g5 Nd5 25. Rxe4 Kf7 26. f5 exf5 27.
Nxf5 g6 28. Nh6+ Kg7 29. Rf7+ Kh8 30. Rxb7 Re8 31. Nf7+ Kg8 32. Nh6+ Kh8 33.
Nf7+ Kg8 1/2-1/2

[Event "Mercredi 2019.05.08 ABCD"]
[Site "Montreal CAN"]
[Date "2019.05.08"]
[Round "1"]
[White "Jacquet, Stephane"]
[Black "Beaulieu, Pierre"]
[Result "1-0"]
[WhiteElo "1938"]
[BlackElo "1934"]
[PlyCount "53"]
[EventDate "2019.05.08"]
[EventType "tourn"]
[EventRounds "5"]
[EventCountry "CAN"]

1. d4 d5 2. c4 e6 3. Nc3 Nf6 4. cxd5 exd5 5. Bg5 c6 6. Qc2 h6 7. Bh4 Be7 8. e3
Be6 9. Bd3 Qa5 10. Nge2 Na6 11. Nf4 Nb4 12. Qe2 Nxd3+ 13. Nxd3 g5 14. Bg3 Ne4
15. O-O h5 16. f4 Bg4 17. Qc2 Nxg3 18. hxg3 Qc7 19. Nxd5 Qd6 20. Nxe7 Qxe7 21.
Ne5 O-O-O 22. fxg5 Kb8 23. Rxf7 Qxg5 24. Qb3 Bc8 25. Nxc6+ Ka8 26. Qa3 a6 27.
Qxa6+ 1-0

[Event "Mercredi 2019.05.08 ABCD"]
[Site "Montreal CAN"]
[Date "2019.05.08"]
[Round "1"]
[White "Li, Yi Lin"]
[Black "Baran, Marius"]
[Result "1-0"]
[WhiteElo "2047"]
[BlackElo "1857"]
[PlyCount "43"]
[EventDate "2019.05.08"]
[EventType "tourn"]
[EventRounds "5"]
[EventCountry "CAN"]

1. e4 d5 2. exd5 Nf6 3. c4 e6 4. dxe6 Bxe6 5. d4 Bb4+ 6. Bd2 Bxd2+ 7. Qxd2 Qe7
8. Qe3 Nc6 9. d5 Nb4 10. Na3 Ng4 11. Qe2 O-O-O 12. h3 Nd3+ 13. Qxd3 Bxd5+ 14.
Ne2 Ne5 15. Qf5+ Qe6 16. Qxe6+ Bxe6 17. Nf4 Rhe8 18. Nxe6 Rxe6 19. Be2 f5 20.
O-O Rde8 21. Nb5 Nc6 22. Bf3 1-0

[Event "Mercredi 2019.05.08 ABCD"]
[Site "Montreal CAN"]
[Date "2019.05.08"]
[Round "1"]
[White "O'Connor, Michael"]
[Black "Giurgiev, Silvius"]
[Result "0-1"]
[WhiteElo "1750"]
[BlackElo "1687"]
[PlyCount "52"]
[EventDate "2019.05.08"]
[EventType "tourn"]
[EventRounds "5"]
[EventCountry "CAN"]

1. d4 d5 2. Nf3 c6 3. c4 Nf6 4. Nc3 dxc4 5. a4 Bf5 6. e3 Nbd7 7. Bxc4 e6 8. O-O
a5 9. Bd3 Bg4 10. h3 Bh5 11. e4 Qc7 12. Bg5 Bb4 13. Rc1 O-O 14. Bh4 Qb6 15. e5
Bxf3 16. Qxf3 Nd5 17. Nxd5 cxd5 18. Bb5 Qxd4 19. Bxd7 Qxh4 20. Qe2 b6 21. Rcd1
Ra7 22. Bb5 Re7 23. Ba6 Bc5 24. Rd3 Qxa4 25. Rg3 Qf4 26. Bd3 Qxg3 0-1

[Event "Mercredi 2019.05.08 ABCD"]
[Site "Montreal CAN"]
[Date "2019.05.08"]
[Round "1"]
[White "Tremblay, Alain"]
[Black "Yu, Zong Yang"]
[Result "0-1"]
[WhiteElo "2076"]
[BlackElo "2484"]
[PlyCount "104"]
[EventDate "2019.05.08"]
[EventType "tourn"]
[EventRounds "5"]
[EventCountry "CAN"]

1. d4 Nf6 2. c4 e6 3. Nf3 d5 4. Nc3 c5 5. cxd5 Nxd5 6. e4 Nxc3 7. bxc3 cxd4 8.
cxd4 Bb4+ 9. Bd2 Bxd2+ 10. Qxd2 O-O 11. Be2 b6 12. O-O Bb7 13. Qe3 Nd7 14. Bd3
Nf6 15. Rac1 Qe7 16. h3 Rac8 17. a3 h6 18. Bb1 Rfd8 19. Rfd1 b5 20. Ne5 Rxc1
21. Rxc1 Qd6 22. Nf3 Qb6 23. Rc5 Nd7 24. Rc1 Rc8 25. Rxc8+ Bxc8 26. Qc3 Bb7 27.
Nd2 a5 28. Nb3 b4 29. axb4 axb4 30. Qd2 Bc6 31. d5 exd5 32. exd5 Ba4 33. Nd4
Nf6 34. Nf5 Qc5 35. Ne3 g6 36. Kf1 Bb5+ 37. Ke1 b3 38. Kd1 Ba4 39. Ke1 h5 40.
Kf1 Bb5+ 41. Kg1 Ne8 42. Qb2 Qb4 43. Kh2 Ba4 44. Bd3 Nd6 45. Qf6 b2 46. g3 Ne8
47. Qa6 Nd6 48. Bb1 Bb5 49. Qb6 Qe1 50. Ng2 Qxb1 51. Qxd6 Qe4 52. Qb8+ Qe8 0-1

[Event "Mercredi 2019.05.08 ABCD"]
[Site "Montreal CAN"]
[Date "2019.05.08"]
[Round "1"]
[White "Zheng, Richard"]
[Black "Lopez Linares, Lizandro"]
[Result "1-0"]
[WhiteElo "2170"]
[BlackElo "2232"]
[PlyCount "46"]
[EventDate "2019.05.08"]
[EventType "tourn"]
[EventRounds "5"]
[EventCountry "CAN"]

1. d4 Nf6 2. c4 c5 3. d5 b5 4. cxb5 a6 5. bxa6 g6 6. Nc3 Bxa6 7. Nf3 d6 8. e4
Bxf1 9. Kxf1 Nbd7 10. g3 Bg7 11. Kg2 O-O 12. Qc2 Qa5 13. a4 Rfb8 14. Ra3 Qb4
15. b3 Nb6 16. Rd1 c4 17. Nd4 cxb3 18. Rxb3 Qc4 19. Nc6 Nxe4 20. Rb4 Qxb4 21.
Nxb4 Nxc3 22. Re1 Rxa4 23. Nc6 Rba8 1-0

[Event "Mercredi 2019.05.08 ABCD"]
[Site "Montreal CAN"]
[Date "2019.05.15"]
[Round "2"]
[White "Allaire, Denis"]
[Black "Alcantara, Maximo jr"]
[Result "0-1"]
[WhiteElo "1685"]
[BlackElo "1706"]
[PlyCount "106"]
[EventDate "2019.05.08"]
[EventType "tourn"]
[EventRounds "5"]
[EventCountry "CAN"]

1. e4 c6 2. d4 d5 3. exd5 cxd5 4. c4 e6 5. Nc3 Nf6 6. c5 a6 7. Nf3 Nc6 8. Bf4
g6 9. a3 Nh5 10. Be3 Bg7 11. b4 O-O 12. Na4 e5 13. Nb6 Rb8 14. Be2 Nf4 15. Bxf4
exf4 16. Ra2 Re8 17. O-O Be6 18. Qd2 Qf6 19. Rd1 g5 20. b5 axb5 21. Bxb5 g4 22.
Ne5 Nxe5 23. dxe5 Qxe5 24. Re1 Qc3 25. Qxc3 Bxc3 26. Rc1 d4 27. Bxe8 Bxa2 28.
Bd7 Be6 29. Bb5 Bb2 30. Rd1 Bxa3 31. Nd7 Bxd7 32. Bxd7 Bxc5 33. Rc1 b6 34. Bxg4
Kg7 35. Be2 Ra8 36. Bc4 Kf6 37. Kf1 Ra3 38. Ke2 Ke7 39. f3 f5 40. Bd3 Ke6 41.
Rc2 Ke5 42. Rb2 h5 43. h3 h4 44. Kd2 Ra1 45. Kc2 Rg1 46. Kb3 Rc1 47. Rc2 Rd1
48. Re2+ Kf6 49. Kc2 Ra1 50. Bc4 Ra3 51. Bd3 Rc3+ 52. Kd2 Bb4 53. Re8 Rc8+ 0-1

[Event "Mercredi 2019.05.08 ABCD"]
[Site "Montreal CAN"]
[Date "2019.05.15"]
[Round "2"]
[White "Baran, Marius"]
[Black "Beaulieu, Pierre"]
[Result "1-0"]
[WhiteElo "1857"]
[BlackElo "1934"]
[PlyCount "25"]
[EventDate "2019.05.08"]
[EventType "tourn"]
[EventRounds "5"]
[EventCountry "CAN"]

1. e4 b6 2. d4 Bb7 3. Bd3 e6 4. Nc3 c5 5. d5 Nf6 6. Nge2 exd5 7. exd5 Nxd5 8.
Nxd5 Bxd5 9. O-O Be7 10. Nf4 Be6 11. Nxe6 fxe6 12. Qh5+ Kf8 13. Qf3+ 1-0

[Event "Mercredi 2019.05.08 ABCD"]
[Site "Montreal CAN"]
[Date "2019.05.15"]
[Round "2"]
[White "Fortin-Lavoie, Patrice"]
[Black "Audet, Eric"]
[Result "1-0"]
[WhiteElo "1803"]
[BlackElo "1829"]
[PlyCount "64"]
[EventDate "2019.05.08"]
[EventType "tourn"]
[EventRounds "5"]
[EventCountry "CAN"]

1. c4 c6 2. Nf3 d5 3. d4 Nf6 4. g3 Bf5 5. Bg2 Qb6 6. O-O e6 7. Nc3 Nbd7 8. c5
Qd8 9. Nh4 Bg6 10. Bg5 Be7 11. b4 a6 12. a4 b5 13. Nxg6 hxg6 14. axb5 axb5 15.
e4 O-O 16. Rxa8 Qxa8 17. e5 Qa3 18. exf6 Qxc3 19. fxe7 Re8 20. Qa1 Qxb4 21. Qa7
Nb8 22. Qc7 f6 23. Bh3 f5 24. Qd6 Kf7 25. Rd1 Qc3 26. Bf4 b4 27. Qc7 b3 28. Qb7
Nd7 29. Qxd7 Rxe7 30. Qxc6 b2 31. Qb6 Qc2 32. Rf1 Qd3 1-0